Normal view
MARC view
Entry Personal Name
001 - CONTROL NUMBER
- control field: 167007
003 - CONTROL NUMBER IDENTIFIER
- control field: OSt
005 - DATE AND TIME OF LATEST TRANSACTION
- control field: 20240523114831.0
008 - FIXED-LENGTH DATA ELEMENTS
- fixed length control field: 240523|| aca||aabn | a|a d
040 ## - CATALOGING SOURCE
- Original cataloging agency: OSt
- Transcribing agency: OSt
100 ## - HEADING--PERSONAL NAME
- Personal name: K Dhananjay
670 ## - SOURCE DATA FOUND
- Source citation: Work cat.: (OSt): Mathew, George. 2016049 167006, Study on customer perception research with reference to haneef traders /